02200 a2200205 450000100040000000500170000400800410002100300150006204000400007708000590011724500500017602000220022626400340024830000320028250515790031404100080189310000300190170000360193170000270196717620260407155414.0260407a1996 arg spa dAR-UNSa-BCEJYS aAR-UNSa-BCEJYSbspacAR-UNSa-BCEJYS a347.74xContratos mercantiles (comerciales...leasing))10aManual práctico de contratación comercial a978-950-739-451-5 1aBuenos Aires :bErreparc1996 a2 v. (626 ; 613 p.)c27 cm. aVol. I: 1. Aspectos generales - 2. Agencia - 3. Ahorro por círculo cerrado para fines determinados. Compra de automotores - 4. Alquileres - 5. Artistas - 6. Automotores - 7. Aval - 8. Cesión de créditos y bienes - 9. Compraventas maritimas - 10. Compraventa mercantil - 11. Compraventa de un avión - 12. Adquisición de una demolición - 13. Conseción comercial - 14. Concesión de espacios - 15. Consiganción o contrato estimatorio - 16. Contrato de consesión para embotellador exclusivo - 17. Construcciones - 18. Corredores - 19. Countries (Clubes campestres) - 20. Distribución - 21. Contratos de edición -- Vol. II: 22. Emprendimientos industriales "llave en mano" - 23. Factoring - 24. Fianza y carta de crédito - 25. Fideicomiso - 26. Fletamento de aeronaves - 27. Franquicia (Franchising) - 28. Garajes - 29. Internación en institutos geriátricos - 30. Leasing - 31. Mandato comercial - 32. Marcas y patentes - 33. Martilleros - 34. Mutuo - 35. Permuta - 36. Prenda - 37. Prestamo de uso o comodato - 38. Propiedad horizontal - 39. Contratos publicitarios - 40. Contrato de remolque - 41. Contrato de riesgo - 42. Contratos rurales - 43. Seguro de caución - 44. Servicios médicos - 45. Servicios para congresos internacionales - 46. Contrato de provisión de material (suministro comercial) - 47. Tarjeta de crédito - 48. Transferencia de fondos de comercio - 49. Contrato de transporte en general - 50. Contratos de transferencia de tecnología - 51. Turismo - 52. Contrato de underwriting - 53. Unión transitoria de empresas -  aspa1 aFernandez Madrid, Horacio1 aFernández Madrid, Juan Carlos1 aCaubet, Amanda Beatriz